|
|
|
|
| LEADER |
01340nam a22002657a 4500 |
| 001 |
42081 |
| 003 |
BD-DhAAL |
| 008 |
240116t2006 bg ||||| |||| 00| 0 ben d |
| 020 |
|
|
|a 9848514333
|
| 040 |
|
|
|a BD-DhAAL
|c BD-DhAAL
|
| 041 |
|
|
|a ben
|
| 082 |
|
|
|a 954.9205092
|2 23
|
| 100 |
|
|
|a চৌধুরী, এ. কিউ. এম.,
|d ১৯৩২-
|9 55950
|
| 245 |
|
|
|a গোল্ডেন স্টেথোস্কোপ /
|c এ. কিউ. এম. চৌধুরী.
|
| 264 |
|
|
|a ঢাকা :
|b নির্বাচিতা প্রকাশন,
|c ২০০৬.
|
| 300 |
|
|
|a ২১৫ পৃষ্ঠা ;
|c ২২ সে.মি.
|
| 541 |
|
|
|a Donated By Rebecca Dipa Khan
|e 42081, 42096
|
| 650 |
|
|
|a Politicians
|z Bangladesh
|v Biography.
|
| 650 |
|
|
|a Ex-presidents
|z Bangladesh
|v Biography.
|
| 651 |
|
|
|a Bangladesh
|x Politics and government.
|
| 852 |
|
|
|a Ayesha Abed Library
|c General Stacks
|
| 942 |
|
|
|2 ddc
|c BK
|
| 999 |
|
|
|c 46303
|d 46303
|
| 952 |
|
|
|0 0
|1 0
|2 ddc
|4 0
|6 954_920509200000000_CHO
|7 0
|9 74957
|a BRACUL
|b BRACUL
|c GEN
|d 2024-01-16
|e Donated By Rebecca Dipa Khan
|g 175.00
|l 1
|m 30
|o 954.9205092 CHO
|p 3010042081
|r 2025-06-16
|s 2024-02-27
|t 1
|w 2024-01-16
|y BK
|
| 952 |
|
|
|0 0
|1 0
|2 ddc
|4 0
|6 954_920509200000000_CHO
|7 0
|9 74958
|a BRACUL
|b BRACUL
|c GEN
|d 2024-01-16
|e Donated By Rebecca Dipa Khan
|g 175.00
|l 0
|o 954.9205092 CHO
|p 3010042096
|r 2025-05-13
|t 2
|w 2024-01-16
|y BK
|